000 00411 a2200157 4500
001 57684
020 _a
040 _cAnchieta - Pituba
100 _aMayrink, Geraldo
240 1 0 _aJuscelino
_lpor
245 1 0 _aJuscelino
300 _a112
362 0 _a1988
650 4 _aPessoas em literatura, história, biografia, genealogia (incluindo historiadores, escritores e críticos da literatura)
942 _cBK
999 _c57684
_d57684